[Event "IECG QN.1999.0.00091"]
[Site "IECG email"]
[Date "1999.12.16"]
[Round "?"]
[White "Limberger, Joao Paulo"]
[Black "Mbongo, Bhekizizwe"]
[Result "1-0"]
[WhiteElo "800"]
[BlackElo "800"]
[PlyCount "45"]
[EventDate "1999.12.16"]
[EventType "tourn (corr)"]
[EventRounds "6"]
[SourceTitle "Corr 2008"]
[Source "ChessBase"]
[SourceDate "2008.06.24"]
[SourceVersion "1"]
[SourceVersionDate "2008.06.24"]
[SourceQuality "1"]

1. e4 c5 2. Nf3 d6 3. Nc3 a6 4. d4 cxd4 5. Nxd4 Nf6 6. Bc4 e6 7. Bg5 Be7 8. 0-0 0-0 9. f4 b5 10. Bd3 Nbd7 11. a4 b4 12. Na2 Bb7 13. Nxb4 Nxe4 14. Bxe7 Qxe7 15. Nbc6 Bxc6 16. Nxc6 Qh4 17. Bxe4 Rac8 18. Qxd6 Nb6 19. Ne7+ Kh8 20. Nxc8 Rxc8 21. Qxb6 g6 22. Qxa6 Rxc2 23. Bxc2 1-0

[Event "IECG QN.1999.0.00091"]
[Site "IECG email"]
[Date "1999.12.16"]
[Round "?"]
[White "Ziermann, Tobias"]
[Black "Limberger, Joao Paulo"]
[Result "0-1"]
[WhiteElo "800"]
[BlackElo "800"]
[PlyCount "64"]
[EventDate "1999.12.16"]
[EventType "tourn (corr)"]
[EventRounds "6"]
[SourceTitle "Corr 2008"]
[Source "ChessBase"]
[SourceDate "2008.06.24"]
[SourceVersion "1"]
[SourceVersionDate "2008.06.24"]
[SourceQuality "1"]

1. e4 e5 2. d3 Nc6 3. Be3 Nf6 4. f4 Bb4+ 5. c3 Ba5 6. Nf3 d6 7. Qa4 Ng4 8. Bd2 Bb6 9. d4 Bd7 10. Qb3 exd4 11. Ng5 0-0 12. cxd4 Nxd4 13. Qd1 Nf2 14. Kxf2 Nc2+ 15. Ke2 Bg4+ 16. Nf3 Nd4+ 17. Ke1 Nxf3+ 18. gxf3 Qh4+ 19. Ke2 Bxf3+ 20. Kxf3 Qh5+ 21. Kg3 Qxd1 22. Bg2 Qc2 23. b3 Bd4 24. Rc1 Qd3+ 25. Bf3 Bxa1 26. Kf2 Bd4+ 27. Kg3 Rfe8 28. Ba5 Rxe4 29. Bxc7 Re3 30. Kg2 Rxf3 31. Bxd6 Qe2+ 32. Kh1 Rf1+ 0-1